| 000 | 00645 a2200169 4500 | ||
|---|---|---|---|
| 008 | 110623t mx||||| |||| 00| 0 spa d | ||
| 020 | _a9709836226 | ||
| 050 | 0 | 4 |
_aF1219 .3 .F6 _bC36 2006 |
| 100 | 1 | _aCárdenas Fernandez, Blanca | |
| 245 | 1 | 0 |
_aTipología : Cultura y relatos P'urhépecha _c/ Blanca Cárdenas Fernández. |
| 260 |
_aMorelia, Michoacán de Ocampo, México : _bUMSNH, _c2006. |
||
| 300 |
_a214 p. : _bil. ; _c21 cm. |
||
| 504 | _aIncluye bibliografias | ||
| 650 | 7 |
_2Lemb _aHistoria _xP'urhépecha _zMichoacán de Ocampo, (México) |
|
| 650 | 7 |
_2Lemb _aCultura _xP'urhépecha _zMichoacán de Ocampo, (México) |
|
| 942 |
_2lcc _cLIB |
||
| 999 |
_c9818 _d9818 |
||